[Event "Excelsior March GM Norm"]
[Site "Toronto CAN"]
[Date "2023.03.16"]
[Round "8"]
[White "Mikhalevski, Victor"]
[Black "Ivanov, Mike"]
[Result "1/2-1/2"]
[WhiteElo "2519"]
[BlackElo "2299"]
[WhiteFideId "-1"]
[WhiteFideId "-1"]
[PlyCount "132"]
[GameId "2160767907250496"]
[EventDate "2023.03.13"]
[EventType "tourn"]
[EventRounds "9"]
[EventCountry "CAN"]
[SourceTitle "CBM 213 Extra"]
[Source "ChessBase"]
[SourceDate "2023.05.31"]
[SourceVersion "1"]
[SourceVersionDate "2023.05.31"]
[SourceQuality "1"]

1. d4 Nf6 2. c4 g6 3. Nc3 Bg7 4. e4 O-O 5. Nf3 d6 6. Be2 b6 7. O-O e5 8. Be3 Nc6 9. d5 Ne7 10. b4 a5 11. a3 Ng4 12. Bd2 h6 13. h3 Nf6 14. Rc1 axb4 15. axb4 Nd7 16. Ne1 f5 17. exf5 Nxf5 18. Bd3 Nf6 19. Nf3 Ra3 20. Qc2 Nh5 21. Nb5 Ra8 22. c5 bxc5 23. bxc5 Bd7 24. c6 Bc8 25. Rb1 Ne7 26. Nh4 g5 27. Ng6 Nxg6 28. Bxg6 Nf4 29. Be4 Ba6 30. Rfe1 Rf7 31. Rb3 Qf6 32. Be3 Raf8 33. Ra1 Bc8 34. Na7 Bf5 35. Bxf5 Qxf5 36. Qxf5 Rxf5 37. Rd1 e4 38. Bxf4 Rxf4 39. Rd2 e3 40. Rxe3 Bd4 41. Nb5 Bxe3 42. fxe3 Rf1+ 43. Kh2 R1f7 44. Ra2 Re8 45. Ra7 Ree7 46. e4 Kg7 47. e5 Rxe5 48. Rxc7 Rxc7 49. Nxc7 Kf7 50. Nb5 Ke7 51. c7 Kd7 52. Nxd6 Kxc7 53. Nf7 Rxd5 54. Nxh6 Kd7 55. Ng4 Ke6 56. Nf2 Kf5 57. Nh1 Kf4 58. Nf2 Rd7 59. Nh1 Rb7 60. Kg1 Rb1+ 61. Kh2 Ke3 62. Ng3 Ra1 63. Nf5+ Kf2 64. Ng3 Re1 65. Nh1+ Ke3 66. Ng3 Ra1 1/2-1/2

[Event "Excelsior March GM Norm"]
[Site "Toronto CAN"]
[Date "2023.03.17"]
[Round "9"]
[White "Ivanov, Mike"]
[Black "Noritsyn, Nikolay"]
[Result "1/2-1/2"]
[WhiteElo "2299"]
[BlackElo "2460"]
[WhiteFideId "-1"]
[WhiteFideId "-1"]
[PlyCount "172"]
[GameId "2160767907250502"]
[EventDate "2023.03.13"]
[EventType "tourn"]
[EventRounds "9"]
[EventCountry "CAN"]
[SourceTitle "CBM 213 Extra"]
[Source "ChessBase"]
[SourceDate "2023.05.31"]
[SourceVersion "1"]
[SourceVersionDate "2023.05.31"]
[SourceQuality "1"]

1. e4 c5 2. Nc3 Nc6 3. Bb5 Nd4 4. Nf3 e6 5. O-O a6 6. Bd3 Nc6 7. Nd5 d6 8. Ne3 g5 9. c3 h5 10. Bc2 Bg7 11. Rb1 g4 12. Ne1 Nge7 13. f4 f5 14. b4 cxb4 15. exf5 exf5 16. Bb3 d5 17. N1c2 a5 18. a4 d4 19. cxd4 Nxd4 20. Nxd4 Bxd4 21. Qe2 Ra6 22. Bb2 Bxb2 23. Rxb2 Be6 24. Bxe6 Rxe6 25. Qb5+ Kf7 26. Rc2 Qd4 27. Rc7 Kg6 28. Kh1 Qxd2 29. Rxe7 Qxe3 30. Rxb7 Rhe8 31. Qxa5 Qxf4 32. Kg1 Qd4+ 33. Kh1 Qf2 34. Qb5 Re1 35. Qb6+ Qxb6 36. Rxb6+ R8e6 37. Rxe6+ Rxe6 38. Rb1 f4 39. Kg1 Rb6 40. a5 Rb5 41. a6 b3 42. a7 Ra5 43. Rxb3 Rxa7 44. Rb5 Rf7 45. h4 Rf5 46. Rb6+ Rf6 47. Rb5 Kh6 48. Kf2 f3 49. Rb3 fxg2+ 50. Kxg2 Kg6 51. Rb5 Rf5 52. Rb6+ Kf7 53. Rh6 Rd5 54. Kg1 Kg7 55. Ra6 Rd3 56. Kg2 Re3 57. Rb6 Kf7 58. Rh6 Re5 59. Kg1 Kg7 60. Ra6 Re2 61. Rb6 Kf7 62. Rh6 Re5 63. Kg2 Rf5 64. Ra6 Rf6 65. Ra5 Kg6 66. Rg5+ Kh6 67. Ra5 Rb6 68. Rc5 Rb2+ 69. Kg3 Re2 70. Ra5 Re3+ 71. Kg2 Rh3 72. Rb5 Kg6 73. Rg5+ Kh6 74. Ra5 Rxh4 75. Ra6+ Kg7 76. Ra7+ Kf8 77. Ra8+ Ke7 78. Ra7+ Kd8 79. Ra8+ Kc7 80. Ra3 Kb6 81. Rc3 Kb5 82. Rd3 Kc4 83. Ra3 Kd4 84. Rb3 Ke4 85. Ra3 Kf4 86. Ra4+ Ke3 1/2-1/2

[Event "1000GM 2023.02"]
[Site "Los Angeles USA"]
[Date "2023.05.17"]
[Round "5"]
[White "Faulhaber, Rolf"]
[Black "Ivanov, Mike"]
[Result "0-1"]
[WhiteElo "1997"]
[BlackElo "2321"]
[WhiteFideId "-1"]
[WhiteFideId "-1"]
[PlyCount "76"]
[GameId "2130307563222414"]
[EventDate "2023.02.22"]
[EventType "tourn"]
[EventRounds "9"]
[EventCountry "USA"]
[SourceTitle "10 Days #724"]
[Source "ChessMix"]
[SourceDate "2023.06.01"]
[SourceVersion "1"]
[SourceVersionDate "2023.06.01"]
[SourceQuality "1"]

1. c4 e5 2. g3 Nc6 3. Bg2 Bc5 4. Nc3 a6 5. e3 d6 6. Nf3 Bg4 7. h3 Bh5 8. d4 Bb4 9. g4 Bg6 10. Qa4 Qd7 11. d5 Bxc3+ 12. bxc3 Nb8 13. Qb3 Qc8 14. c5 Nd7 15. Qa4 Bd3 16. Bf1 Bxf1 17. Kxf1 Ngf6 18. c4 O-O 19. cxd6 cxd6 20. Rb1 b5 21. cxb5 axb5 22. Qb3 Ne4 23. Nd2 Ndc5 24. Qc2 f5 25. Nxe4 fxe4 26. Rh2 Qb7 27. f4 exf3 28. e4 Rfc8 29. Bd2 Ne6 30. Qb2 Nd4 31. Be3 Ne2 32. Kf2 Nc3 33. Ra1 Nxe4+ 34. Kxf3 Qxd5 35. Ke2 Rc3 36. Bb6 Qc4+ 37. Ke1 Rf8 38. Bf2 Re3+ 0-1

[Event "1000GM 2023.02"]
[Site "Los Angeles USA"]
[Date "2023.05.18"]
[Round "6"]
[White "Ivanov, Mike"]
[Black "Uhl, Michael"]
[Result "1-0"]
[WhiteElo "2321"]
[BlackElo "2032"]
[WhiteFideId "-1"]
[WhiteFideId "-1"]
[PlyCount "53"]
[GameId "2130307563222438"]
[EventDate "2023.02.22"]
[EventType "tourn"]
[EventRounds "9"]
[EventCountry "USA"]
[SourceTitle "10 Days #724"]
[Source "ChessMix"]
[SourceDate "2023.06.01"]
[SourceVersion "1"]
[SourceVersionDate "2023.06.01"]
[SourceQuality "1"]

1. e4 e5 2. f4 Nc6 3. Nf3 exf4 4. Nc3 g5 5. g3 g4 6. Nh4 d6 7. d4 f3 8. Be3 Bh6 9. Bxh6 Nxh6 10. Qd2 Ng8 11. O-O-O Nce7 12. Bc4 c6 13. d5 b5 14. Bb3 b4 15. Qd4 f6 16. dxc6 bxc3 17. Qxc3 Qc7 18. Qc4 Nh6 19. Rd2 Rf8 20. Rhd1 Nf7 21. Qb5 Rb8 22. Qh5 Ba6 23. Rxd6 f2 24. Rd7 Qxc6 25. Ba4 Bb5 26. Bxb5 Qxb5 27. Rd8+ 1-0

[Event "Excelsior February Rapid"]
[Site "Toronto CAN"]
[Date "2023.02.11"]
[Round "1.6"]
[White "Ivanov, Mike"]
[Black "Ajith, Aarush"]
[Result "1-0"]
[WhiteElo "2418"]
[BlackElo "1394"]
[WhiteFideId "-1"]
[WhiteFideId "-1"]
[PlyCount "65"]
[GameId "2160767907250989"]
[EventDate "2023.02.11"]
[EventType "swiss (rapid)"]
[EventRounds "5"]
[EventCountry "CAN"]

1. e4 c5 2. Nf3 d6 3. d4 cxd4 4. Qxd4 Nc6 5. Qe3 Nf6 6. h3 g6 7. Be2 Bg7 8. O-O O-O 9. Rd1 Bd7 10. c4 Qb6 11. Nc3 Rac8 12. c5 Qc7 13. cxd6 exd6 14. Nb5 Qb6 15. Qxb6 axb6 16. Nxd6 Rc7 17. e5 Ne8 18. Nb5 Bf5 19. Nxc7 Nxc7 20. Be3 b5 21. Bc5 Re8 22. Bd6 Rc8 23. Rac1 Na6 24. Bxb5 Na7 25. Rxc8+ Nxc8 26. Ba3 h5 27. Rd8+ Kh7 28. Ng5+ Kh6 29. Nxf7+ Kh7 30. Bd7 Bxd7 31. Rxd7 b6 32. e6 Nc5 33. Bxc5 1-0

[Event "Excelsior February Rapid"]
[Site "Toronto CAN"]
[Date "2023.02.11"]
[Round "2.6"]
[White "Lakhani, Riyaan"]
[Black "Ivanov, Mike"]
[Result "0-1"]
[WhiteElo "1914"]
[BlackElo "2418"]
[WhiteFideId "-1"]
[WhiteFideId "-1"]
[PlyCount "50"]
[GameId "2160767907250997"]
[EventDate "2023.02.11"]
[EventType "swiss (rapid)"]
[EventRounds "5"]
[EventCountry "CAN"]

1. d4 Nf6 2. c4 e6 3. g3 c5 4. d5 exd5 5. cxd5 d6 6. Nc3 g6 7. Bg2 Bg7 8. Nf3 O-O 9. O-O Re8 10. Nd2 a6 11. a4 Nbd7 12. Nc4 Ne5 13. Ne3 Nfg4 14. h3 Nxe3 15. Bxe3 Rb8 16. Qc1 b5 17. Bg5 f6 18. Bh6 Bh8 19. h4 Nf7 20. Be3 f5 21. f3 Rxe3 22. axb5 axb5 23. g4 Bd4 24. Kh2 Qxh4+ 25. Bh3 fxg4 0-1

[Event "Excelsior February Rapid"]
[Site "Toronto CAN"]
[Date "2023.02.11"]
[Round "3.1"]
[White "Ivanov, Mike"]
[Black "Noritsyn, Nikolay"]
[Result "0-1"]
[WhiteElo "2418"]
[BlackElo "2641"]
[WhiteFideId "-1"]
[WhiteFideId "-1"]
[PlyCount "118"]
[GameId "2160767907251000"]
[EventDate "2023.02.11"]
[EventType "swiss (rapid)"]
[EventRounds "5"]
[EventCountry "CAN"]

1. e4 e6 2. d4 d5 3. Nc3 Nf6 4. Bg5 dxe4 5. Nxe4 Nbd7 6. Nf3 Be7 7. Nxf6+ Bxf6 8. h4 h6 9. Be3 Nb6 10. c4 Bd7 11. Be2 Bc6 12. Qd3 Qe7 13. O-O-O O-O-O 14. h5 Rd7 15. Qc3 Bxf3 16. Bxf3 Rhd8 17. c5 Nd5 18. Qa5 Kb8 19. Rd3 c6 20. Ra3 a6 21. Rb3 Kc8 22. Be2 Rc7 23. Kb1 Bg5 24. Re1 Qf6 25. Bf3 Rdd7 26. Qd2 Ne7 27. Be4 Nd5 28. g3 Qd8 29. Rd3 Kb8 30. Bxg5 hxg5 31. Bg2 g4 32. a3 Ka8 33. h6 gxh6 34. Qxh6 Ne7 35. Red1 Qg8 36. Be4 Rd8 37. Qf6 Rcd7 38. Rh1 Nd5 39. Bxd5 Rxd5 40. Kc2 Rf5 41. Qe7 Rxf2+ 42. Kb3 Qe8 43. Qg5 Qd7 44. Rh4 f5 45. Qe3 Qd5+ 46. Kc3 Rf3 47. Qd2 e5 48. Rxf3 Qxf3+ 49. Qd3 Qxd3+ 50. Kxd3 Rxd4+ 51. Ke3 Rc4 52. Rh8+ Ka7 53. Rf8 Rxc5 54. Rxf5 Rb5 55. b4 a5 56. Rg5 axb4 57. axb4 Rxb4 58. Rxe5 b5 59. Rf5 Kb6 0-1

[Event "Excelsior February Rapid"]
[Site "Toronto CAN"]
[Date "2023.02.11"]
[Round "4.6"]
[White "Joseph, Jonath"]
[Black "Ivanov, Mike"]
[Result "0-1"]
[WhiteElo "1656"]
[BlackElo "2418"]
[WhiteFideId "-1"]
[WhiteFideId "-1"]
[PlyCount "76"]
[GameId "2160767907251013"]
[EventDate "2023.02.11"]
[EventType "swiss (rapid)"]
[EventRounds "5"]
[EventCountry "CAN"]

1. Nf3 Nf6 2. b3 g6 3. Bb2 Bg7 4. e3 O-O 5. Be2 c5 6. d4 cxd4 7. Nxd4 d5 8. O-O b6 9. Bf3 e5 10. Nb5 a6 11. N5a3 e4 12. Be2 b5 13. c4 dxc4 14. bxc4 b4 15. Nc2 a5 16. Nd4 Na6 17. Nd2 Nc5 18. a4 Bd7 19. Nb5 Qb8 20. Rb1 Rd8 21. Qc2 Bc6 22. Bd4 Nfd7 23. Bxg7 Kxg7 24. Nb3 Nxb3 25. Qxb3 Qe5 26. Nd4 Rac8 27. Rfd1 Nc5 28. Qb2 f6 29. Nxc6 Rxd1+ 30. Bxd1 Qxb2 31. Rxb2 Rxc6 32. f3 Rd6 33. Rb1 Rd2 34. fxe4 Nxe4 35. Bf3 Nc5 36. Bc6 Rc2 37. Bb5 b3 38. h3 b2 0-1

[Event "Excelsior February Rapid"]
[Site "Toronto CAN"]
[Date "2023.02.11"]
[Round "5.6"]
[White "Ivanov, Mike"]
[Black "Sanchez, Victor"]
[Result "0-1"]
[WhiteElo "2418"]
[BlackElo "1891"]
[WhiteFideId "-1"]
[WhiteFideId "-1"]
[PlyCount "89"]
[GameId "2160767907251021"]
[EventDate "2023.02.11"]
[EventType "swiss (rapid)"]
[EventRounds "5"]
[EventCountry "CAN"]

1. e4 c5 2. Nf3 d6 3. d4 Nf6 4. Bb5+ Bd7 5. Bxd7+ Qxd7 6. dxc5 Nxe4 7. cxd6 Nc6 8. O-O Nxd6 9. Qe2 g6 10. Rd1 Bg7 11. c4 b6 12. Nc3 O-O 13. Nb5 Rac8 14. Bf4 Na5 15. Rac1 Naxc4 16. Rxc4 Qxb5 17. Re4 Qxb2 18. Qxb2 Bxb2 19. Rxe7 Nb5 20. h3 Bf6 21. Rb7 Nc3 22. Re1 Rfe8 23. Rxe8+ Rxe8 24. Be3 Re7 25. Rb8+ Kg7 26. a3 Nd1 27. Bf4 Re4 28. Bd6 g5 29. Bb4 h5 30. g3 Re2 31. Rb7 Rxf2 32. Nd2 Bd4 33. Kh1 a5 34. Rd7 axb4 35. Rxd4 bxa3 36. Nb3 Rb2 37. Rxd1 Rxb3 38. Kg2 b5 39. Rd6 b4 40. Ra6 g4 41. hxg4 hxg4 42. Kf2 Rb2+ 43. Ke3 a2 44. Kd3 b3 45. Kd4 0-1

[Event "Krakow POL, 33rd Open-A"]
[Site "Krakow POL"]
[Date "2022.12.27"]
[Round "1.15"]
[White "Ivanov, Mike"]
[Black "Kucharska, Honorata"]
[Result "1-0"]
[WhiteElo "2319"]
[BlackElo "2180"]
[WhiteFideId "-1"]
[WhiteFideId "-1"]
[PlyCount "67"]
[GameId "2130307565531903"]
[EventDate "2022.12.27"]
[EventType "swiss"]
[EventRounds "9"]
[EventCountry "POL"]
[SourceTitle "10 Days #710"]
[Source "ChessMix "]
[SourceDate "2023.01.10"]
[SourceVersion "1"]
[SourceVersionDate "2023.01.10"]
[SourceQuality "1"]

1. e4 e6 2. d4 d5 3. Nc3 Bb4 4. e5 c5 5. a3 Bxc3+ 6. bxc3 Qa5 7. Bd2 c4 8. Qg4 Kf8 9. a4 Nc6 10. Nh3 Nge7 11. Be2 b5 12. Nf4 bxa4 13. Nh5 Rg8 14. O-O Rb8 15. Ra2 Bd7 16. Rfa1 Nd8 17. Qf3 Bb5 18. Bc1 Rb7 19. Ba3 Ke8 20. Qg3 Kd7 21. Bb4 Qc7 22. Bxe7 Kxe7 23. Nf6 gxf6 24. Qxg8 fxe5 25. Qxh7 exd4 26. Qh4+ Ke8 27. cxd4 Nc6 28. Ra3 Qe7 29. Qf4 Nb4 30. Bd1 Bc6 31. h4 Kd7 32. h5 Na6 33. c3 Nc7 34. Bxa4 1-0

[Event "Krakow POL, 33rd Open-A"]
[Site "Krakow POL"]
[Date "2022.12.28"]
[Round "2.5"]
[White "Pniaczek, Marek"]
[Black "Ivanov, Mike"]
[Result "1/2-1/2"]
[WhiteElo "2228"]
[BlackElo "2319"]
[WhiteFideId "-1"]
[WhiteFideId "-1"]
[PlyCount "141"]
[GameId "2130307565536022"]
[EventDate "2022.12.27"]
[EventType "swiss"]
[EventRounds "9"]
[EventCountry "POL"]
[SourceTitle "10 Days #710"]
[Source "ChessMix "]
[SourceDate "2023.01.10"]
[SourceVersion "1"]
[SourceVersionDate "2023.01.10"]
[SourceQuality "1"]

1. e4 e6 2. d4 d5 3. Nc3 Bb4 4. e5 c5 5. a3 Ba5 6. Qg4 Ne7 7. dxc5 Bxc3+ 8. bxc3 Ng6 9. Nf3 Nd7 10. Bd3 Qc7 11. O-O Nxc5 12. a4 Bd7 13. Ba3 Rc8 14. Qd4 O-O 15. c4 Rfd8 16. cxd5 exd5 17. Bb2 Nxd3 18. cxd3 Bf5 19. Rfc1 Qd7 20. h3 Nf8 21. Qxa7 Ne6 22. Qe3 Rxc1+ 23. Qxc1 Bxd3 24. Nd4 h6 25. Qe3 Bg6 26. a5 Ra8 27. Bc3 Kh7 28. Ra3 Rc8 29. a6 bxa6 30. Rxa6 Qc7 31. Nxe6 fxe6 32. Bd4 Bf5 33. Kh2 Qf7 34. Ra7 Qg6 35. Qg3 Rc4 36. Bb6 Rc8 37. Rc7 Rxc7 38. Bxc7 Qf7 39. Bb6 Qb7 40. Be3 Qb4 41. Qf4 Qb8 42. Bd4 Qb7 43. Qd2 Be4 44. f3 Bf5 45. Kg3 Qb5 46. Kf2 Qb1 47. Kg3 Qf1 48. h4 Qh1 49. Qe3 Qf1 50. Qf2 Qc4 51. Qe3 Kg6 52. Qd2 Kf7 53. Qc3 Ke8 54. Qxc4 dxc4 55. Kf4 Bc2 56. Ke3 h5 57. Bc3 Bd3 58. Kd4 Kf7 59. Ke3 Ke8 60. Kd4 Bf1 61. g3 Be2 62. Bd2 Kd7 63. Kc5 Ke7 64. Kd4 Bd3 65. g4 hxg4 66. fxg4 Be2 67. h5 Bxg4 68. h6 gxh6 69. Bxh6 Be2 70. Bd2 Kf7 71. Be1 1/2-1/2

[Event "Krakow POL, 33rd Open-A"]
[Site "Krakow POL"]
[Date "2022.12.29"]
[Round "3.5"]
[White "Ivanov, Mike"]
[Black "Kyc, Jerzy"]
[Result "1/2-1/2"]
[WhiteElo "2319"]
[BlackElo "2230"]
[WhiteFideId "-1"]
[WhiteFideId "-1"]
[PlyCount "87"]
[GameId "2130307565536056"]
[EventDate "2022.12.27"]
[EventType "swiss"]
[EventRounds "9"]
[EventCountry "POL"]
[SourceTitle "10 Days #710"]
[Source "ChessMix "]
[SourceDate "2023.01.10"]
[SourceVersion "1"]
[SourceVersionDate "2023.01.10"]
[SourceQuality "1"]

1. e4 c5 2. Nf3 d6 3. d4 cxd4 4. Qxd4 a6 5. h3 Nc6 6. Qe3 g6 7. Be2 Bg7 8. O-O Nf6 9. c4 O-O 10. Nc3 Qc7 11. Rb1 e6 12. Rd1 Rd8 13. Qg5 Nd7 14. Qh4 b6 15. Bh6 Bb7 16. Bxg7 Kxg7 17. Rbc1 Rac8 18. Nb5 axb5 19. cxb5 Nc5 20. bxc6 Qxc6 21. e5 Qe4 22. Qf6+ Kg8 23. Bf1 Qf5 24. Qxf5 gxf5 25. exd6 Ne4 26. Rxc8 Bxc8 27. a4 Rxd6 28. Rxd6 Nxd6 29. b4 f6 30. Nd4 e5 31. Nb5 Nb7 32. Bc4+ Kf8 33. Bd5 Ke7 34. Na7 Nd6 35. Nxc8+ Nxc8 36. Kf1 Kd6 37. Bb7 Ne7 38. a5 bxa5 39. bxa5 Kc7 40. a6 Kb6 41. Ke2 f4 42. Kd3 f5 43. Kc4 e4 44. Kc3 1/2-1/2

[Event "Krakow POL, 33rd Open-A"]
[Site "Krakow POL"]
[Date "2022.12.30"]
[Round "4.11"]
[White "Garcia-Castany Musellas, Gal.la"]
[Black "Ivanov, Mike"]
[Result "1/2-1/2"]
[WhiteElo "2152"]
[BlackElo "2319"]
[WhiteFideId "-1"]
[WhiteFideId "-1"]
[PlyCount "173"]
[GameId "2130307565540192"]
[EventDate "2022.12.27"]
[EventType "swiss"]
[EventRounds "9"]
[EventCountry "POL"]
[SourceTitle "10 Days #710"]
[Source "ChessMix "]
[SourceDate "2023.01.10"]
[SourceVersion "1"]
[SourceVersionDate "2023.01.10"]
[SourceQuality "1"]

1. e4 e6 2. d4 d5 3. Nd2 h6 4. Ngf3 Nf6 5. Bd3 c5 6. exd5 exd5 7. dxc5 Bxc5 8. Nb3 Be7 9. O-O O-O 10. h3 Bd6 11. Be3 Re8 12. Nfd4 Nc6 13. Nxc6 bxc6 14. Qf3 Ne4 15. Rad1 Ng5 16. Bxg5 Qxg5 17. Rfe1 Bd7 18. c4 Re5 19. cxd5 Rae8 20. Rxe5 Qxe5 21. g3 cxd5 22. Bf1 Be6 23. Nd4 Bc5 24. Qc3 Rc8 25. b4 Bb6 26. Qd2 h5 27. a4 h4 28. a5 Bxd4 29. Qxd4 Qh5 30. g4 Qg5 31. b5 Qe7 32. b6 axb6 33. axb6 Rb8 34. Rb1 Qd6 35. b7 Qc7 36. Qb6 Qe5 37. Rc1 Kh7 38. Qc7 Qxc7 39. Rxc7 d4 40. Ba6 Bd5 41. Rd7 Be4 42. Rxd4 Bf3 43. Rf4 Bd5 44. Rf5 Bxb7 45. Rb5 Bxa6 46. Rxb8 g5 47. Rb6 Be2 48. f4 gxf4 49. Rf6 Kg7 50. Rxf4 Bd3 51. Rd4 Bc2 52. Rd5 f5 53. gxf5 Kf6 54. Rd4 Bxf5 55. Rxh4 Kg5 56. Rh8 Be4 57. Kf2 Bc6 58. Kg3 Be4 59. h4+ Kg6 60. Kf4 Bc2 61. h5+ Kg7 62. Rc8 Bb3 63. Kg5 Bg8 64. Rc7+ Kh8 65. Kg6 Bd5 66. Rh7+ Kg8 67. Re7 Kh8 68. h6 Bc4 69. h7 Bd3+ 70. Kh6 Bg6 71. Rg7 Bf7 72. Rg2 Bg6 73. Rd2 Bxh7 74. Rd7 Bg8 75. Kg6 Bb3 76. Rh7+ Kg8 77. Rb7 Bc2+ 78. Kh6 Bd3 79. Rg7+ Kh8 80. Rc7 Kg8 81. Rg7+ Kh8 82. Rd7 Bc4 83. Kg6 Bb3 84. Rd8+ Bg8 85. Kf6 Kh7 86. Rd2 Kh8 87. Rh2+ 1/2-1/2

[Event "Krakow POL, 33rd Open-A"]
[Site "Krakow POL"]
[Date "2022.12.31"]
[Round "5.11"]
[White "Ivanov, Mike"]
[Black "Dotzer, Lukas"]
[Result "0-1"]
[WhiteElo "2319"]
[BlackElo "2155"]
[WhiteFideId "-1"]
[WhiteFideId "-1"]
[PlyCount "112"]
[GameId "2130307565540226"]
[EventDate "2022.12.27"]
[EventType "swiss"]
[EventRounds "9"]
[EventCountry "POL"]
[SourceTitle "10 Days #710"]
[Source "ChessMix "]
[SourceDate "2023.01.10"]
[SourceVersion "1"]
[SourceVersionDate "2023.01.10"]
[SourceQuality "1"]

1. e4 c5 2. Nf3 e6 3. d4 cxd4 4. Qxd4 Nc6 5. Qd1 Nf6 6. Bd3 d5 7. exd5 Nxd5 8. a3 Bd6 9. O-O O-O 10. Re1 Qc7 11. Nbd2 Nf4 12. Bf1 Rd8 13. g3 Ng6 14. Qe2 e5 15. Bg2 Be6 16. b3 Bc5 17. Bb2 Nd4 18. Nxd4 Bxd4 19. Bxd4 exd4 20. Be4 Rac8 21. Rad1 Ne5 22. Qb5 b6 23. Bg2 Ng4 24. Rxe6 fxe6 25. Bh3 Nf6 26. Bxe6+ Kh8 27. Bxc8 Qxc2 28. Qf1 Rxc8 29. Nf3 Qxb3 30. Nxd4 Qxa3 31. Nf5 Qf3 32. Nd6 Rf8 33. Rd3 Qh5 34. h3 h6 35. Kg2 Qg6 36. Qe2 Nh5 37. Kh2 Rxf2+ 38. Qxf2 Qxd3 39. Qf8+ Kh7 40. Nf5 Qc2+ 41. Kg1 Qc5+ 42. Qxc5 bxc5 43. Kf2 a5 44. Nd6 a4 45. Nc4 Kg6 46. Kf3 Kf7 47. g4 Nf6 48. Kf4 Nd7 49. Ke4 Nb6 50. Na3 Ke6 51. h4 g5 52. h5 Nd5 53. Nc4 Nf6+ 54. Kf3 Kd5 55. Nb6+ Kd4 56. Nxa4 c4 0-1

[Event "Krakow POL, 33rd Open-A"]
[Site "Krakow POL"]
[Date "2023.01.02"]
[Round "6.18"]
[White "Meers, Hubert"]
[Black "Ivanov, Mike"]
[Result "0-1"]
[WhiteElo "2206"]
[BlackElo "2319"]
[WhiteFideId "-1"]
[WhiteFideId "-1"]
[PlyCount "112"]
[GameId "2130307565544362"]
[EventDate "2022.12.27"]
[EventType "swiss"]
[EventRounds "9"]
[EventCountry "POL"]
[SourceTitle "10 Days #710"]
[Source "ChessMix "]
[SourceDate "2023.01.10"]
[SourceVersion "1"]
[SourceVersionDate "2023.01.10"]
[SourceQuality "1"]

1. e4 e6 2. d4 d5 3. exd5 exd5 4. Bd3 Nf6 5. Qf3 Bg4 6. Qe3+ Be7 7. Nf3 O-O 8. Ne5 Bd6 9. O-O Re8 10. Qg3 Nc6 11. Bf4 Bh5 12. c3 Ne4 13. Qh3 Bg6 14. Nxg6 hxg6 15. Bxd6 Qxd6 16. Rd1 Qf4 17. Qf3 Qxf3 18. gxf3 Ng5 19. Kg2 Ne6 20. Kg3 g5 21. Nd2 Nf4 22. Bb5 Re6 23. h4 Ne2+ 24. Bxe2 gxh4+ 25. Kxh4 Rxe2 26. Kg3 Rae8 27. f4 Ne7 28. Rab1 Nf5+ 29. Kf3 g6 30. Nb3 b6 31. Rd2 Nh4+ 32. Kg3 Rxd2 33. Nxd2 Re2 34. Rd1 Nf5+ 35. Kf3 Re8 36. Nf1 Kg7 37. b3 Rh8 38. c4 dxc4 39. bxc4 Rh3+ 40. Ng3 Nxg3 41. fxg3 Rh2 42. Ke4 Rxa2 43. Kd5 c5 44. Kc6 cxd4 45. Rxd4 f5 46. Rd1 Ra3 47. Kb7 Rxg3 48. Kxa7 Rb3 49. Kb7 Rb4 50. Rc1 g5 51. fxg5 Kg6 52. Kc6 Kxg5 53. c5 bxc5 54. Kxc5 Ra4 55. Rg1+ Kh4 56. Kd5 f4 0-1

[Event "Krakow POL, 33rd Open-A"]
[Site "Krakow POL"]
[Date "2023.01.02"]
[Round "7.13"]
[White "Ivanov, Mike"]
[Black "Szczurek, Krzysztof"]
[Result "0-1"]
[WhiteElo "2319"]
[BlackElo "2163"]
[WhiteFideId "-1"]
[WhiteFideId "-1"]
[PlyCount "182"]
[GameId "2130307565544391"]
[EventDate "2022.12.27"]
[EventType "swiss"]
[EventRounds "9"]
[EventCountry "POL"]
[SourceTitle "10 Days #710"]
[Source "ChessMix "]
[SourceDate "2023.01.10"]
[SourceVersion "1"]
[SourceVersionDate "2023.01.10"]
[SourceQuality "1"]

1. e4 c5 2. Nf3 d6 3. d4 cxd4 4. Qxd4 Nc6 5. Qe3 Nf6 6. h3 g6 7. Be2 Bg7 8. O-O O-O 9. Rd1 Nd7 10. Nc3 a6 11. Rb1 b6 12. b3 Bb7 13. Bb2 Rc8 14. Nd5 b5 15. Bxg7 Kxg7 16. Rd2 Nce5 17. Nxe5 Nxe5 18. a4 e6 19. Nb6 Rc6 20. a5 Nd7 21. Nxd7 Qxd7 22. c4 bxc4 23. bxc4 Qc8 24. Qa3 Kg8 25. Rbd1 Rc5 26. Rxd6 Bxe4 27. Qe3 Ba8 28. Rxa6 Qc7 29. Rd7 Qxd7 30. Qxc5 Qb7 31. Rxa8 Rxa8 32. Bf3 Qb1+ 33. Kh2 Qb8+ 34. Kg1 Ra6 35. Qd4 Rxa5 36. c5 Qc7 37. c6 Ra8 38. Qf6 Re8 39. h4 h5 40. g3 Qe7 41. Qe5 Rc8 42. Be4 Qe8 43. Kg2 Qe7 44. Kg1 Re8 45. Kg2 f6 46. Qd4 Kg7 47. Qc3 Qd6 48. Qb2 Re7 49. Qc3 e5 50. Qb3 f5 51. Bd5 Qc5 52. Kg1 Ra7 53. Kg2 Kf6 54. f4 Ra3 55. Qd1 exf4 56. Bf3 Ra7 57. Qd8+ Kg7 58. gxf4 Qe7 59. Qd4+ Kh7 60. Kg3 Ra3 61. Qc4 Ra7 62. Qc3 Qd6 63. Qc4 Re7 64. Bd5 Re8 65. Bf3 Qc7 66. Kf2 Re7 67. Qd4 Rf7 68. Qc4 Qb6+ 69. Kg2 Ra7 70. Qe6 Qc7 71. Bd5 Qg7 72. Kg3 Ra3+ 73. Bf3 Qa7 74. Qd5 Ra2 75. Kh3 Ra3 76. Kg2 Ra4 77. Kg3 Qc7 78. Qd2 Rc4 79. Qe3 Ra4 80. Bd5 Qa7 81. Qc1 Ra1 82. Qb2 Qa3+ 83. Qxa3 Rxa3+ 84. Kf2 Kg7 85. Be6 Rc3 86. Bd7 Kf6 87. Be8 Rc4 88. Kf3 Re4 89. Bd7 Ke7 90. Kg3 Re3+ 91. Kg2 Kd8 0-1

[Event "Krakow POL, 33rd Open-A"]
[Site "Krakow POL"]
[Date "2023.01.03"]
[Round "8.16"]
[White "Jaskolka, Tomasz"]
[Black "Ivanov, Mike"]
[Result "1-0"]
[WhiteElo "2188"]
[BlackElo "2319"]
[WhiteFideId "-1"]
[WhiteFideId "-1"]
[PlyCount "123"]
[GameId "2130307565548523"]
[EventDate "2022.12.27"]
[EventType "swiss"]
[EventRounds "9"]
[EventCountry "POL"]
[SourceTitle "10 Days #710"]
[Source "ChessMix "]
[SourceDate "2023.01.10"]
[SourceVersion "1"]
[SourceVersionDate "2023.01.10"]
[SourceQuality "1"]

1. e4 e6 2. d4 d5 3. Nd2 c5 4. Ngf3 Nf6 5. exd5 exd5 6. Bb5+ Bd7 7. Bxd7+ Nbxd7 8. O-O Be7 9. dxc5 Nxc5 10. Nb3 Nce4 11. Nfd4 Qd7 12. Bf4 O-O 13. Qf3 Rfe8 14. h3 Rac8 15. Rfd1 a6 16. Rd3 b5 17. Be5 Bd8 18. Bxf6 Nxf6 19. Rad1 Bb6 20. c3 Ne4 21. Nc1 Re5 22. Re3 Rce8 23. Nd3 Ng5 24. Qf4 Rxe3 25. fxe3 h6 26. Nb4 a5 27. Nbc2 Bc7 28. Qf5 Qd6 29. Nf3 Nxf3+ 30. Qxf3 Re5 31. Nd4 Qd7 32. Kf2 Bb6 33. Ke2 b4 34. Qf4 Qe7 35. Rd3 Qe8 36. cxb4 axb4 37. Kd2 Re4 38. Qg3 Qd8 39. Qf3 g6 40. Nc2 Qg5 41. Kc1 Qe5 42. a3 bxa3 43. Rxa3 Kg7 44. Kb1 Bd8 45. Rd3 Bf6 46. Nd4 h5 47. Kc2 h4 48. Kb1 Qe8 49. Qf2 Re7 50. Ra3 Rb7 51. Ka2 Qe4 52. Qd2 Rc7 53. Rc3 Ra7+ 54. Ra3 Re7 55. Rd3 Re8 56. Ra3 Bg5 57. Qc3 Kh6 58. Qc6 Re7 59. Ra8 Bxe3 60. Qf6 Re8 61. Rxe8 Qxe8 62. Nf5+ 1-0